Service learning / (Record no. 6613)
[ view plain ]
| 000 -LEADER | |
|---|---|
| fixed length control field | 02435cam a2200349 a 4500 |
| 001 - CONTROL NUMBER | |
| control field | 693724 |
| 003 - CONTROL NUMBER IDENTIFIER | |
| control field | mut |
| 005 - DATE AND TIME OF LATEST TRANSACTION | |
| control field | 20240606081020.0 |
| 008 - FIXED-LENGTH DATA ELEMENTS--GENERAL INFORMATION | |
| fixed length control field | 970110s1997 ilua b 001 0 eng d |
| 010 ## - LIBRARY OF CONGRESS CONTROL NUMBER | |
| LC control number | 96072098 |
| 035 ## - SYSTEM CONTROL NUMBER | |
| System control number | (OCoLC)36843922 |
| 040 ## - CATALOGING SOURCE | |
| Original cataloging agency | OUrC |
| Transcribing agency | OUrC |
| Modifying agency | DLC |
| 042 ## - AUTHENTICATION CODE | |
| Authentication code | lccopycat |
| 043 ## - GEOGRAPHIC AREA CODE | |
| Geographic area code | n-us--- |
| 050 00 - LIBRARY OF CONGRESS CALL NUMBER | |
| Classification number | LB5 |
| Item number | .N25 1997 |
| 245 00 - TITLE STATEMENT | |
| Title | Service learning / |
| 260 ## - PUBLICATION, DISTRIBUTION, ETC. | |
| Place of publication, distribution, etc. | Chicago : |
| Name of publisher, distributor, etc. | NSSE : |
| -- | Distributed by the University of Chicago Press, |
| Date of publication, distribution, etc. | c1997. |
| 300 ## - PHYSICAL DESCRIPTION | |
| Extent | xii, 212 p. : |
| Other physical details | ill. ; |
| Dimensions | 24 cm. |
| 490 1# - SERIES STATEMENT | |
| Series statement | Ninety-sixth yearbook of the National Society for the Study of Education, |
| International Standard Serial Number | 0077-5762 ; |
| Volume/sequential designation | pt. 1 |
| 504 ## - BIBLIOGRAPHY, ETC. NOTE | |
| Bibliography, etc. note | Includes bibliographical references and indexes. |
| 505 0# - FORMATTED CONTENTS NOTE | |
| Formatted contents note | Youth participation : integrating youth into communities / Peter Kleinbard -- An international perspective on service-learning / Donald J. Eberly -- Service learning : a theoretical model / Barry G. Sheckley and Morris T. Keeton -- Research and evaluation in service learning : what do we need to know? / Richard K. Lipka -- Service learning in curriculum reform / Gene R. Carter -- Service learning in the Comer School Development Program / Norris M. Haynes and James P. Comer -- Service learning in the classroom : practical issues / Winifred Pardo -- Service-learning in higher education / Allen J. Wutzdorff and Dwight E. Giles, Jr. -- Service learning in teacher preparation / Peter C. Scales and Donna J. Koppelman -- Encouraging cultural competence in service learning practice / Janie Victoria Ward -- Service learning and improved academic achievement / Madeleine M. Kunin -- The role of the state / George A. Antonelli and Richard L. Thompson -- Service learning as a vehicle for youth development / Shepherd Zeldin and Suzanne Tarlov -- Looking ahead : issues and challenges / Joan Schine. |
| 650 #0 - SUBJECT ADDED ENTRY--TOPICAL TERM | |
| Topical term or geographic name entry element | Service learning |
| Geographic subdivision | United States. |
| 650 #0 - SUBJECT ADDED ENTRY--TOPICAL TERM | |
| Topical term or geographic name entry element | Student volunteers in social service |
| Geographic subdivision | United States. |
| 650 #0 - SUBJECT ADDED ENTRY--TOPICAL TERM | |
| Topical term or geographic name entry element | School credits |
| Geographic subdivision | United States |
| General subdivision | Outside work. |
| 700 1# - ADDED ENTRY--PERSONAL NAME | |
| Personal name | Schine, Joan G. |
| 710 2# - ADDED ENTRY--CORPORATE NAME | |
| Corporate name or jurisdiction name as entry element | National Society for the Study of Education. |
| 830 #0 - SERIES ADDED ENTRY--UNIFORM TITLE | |
| Uniform title | Yearbook of the National Society for the Study of Education ; |
| Volume/sequential designation | 96th, pt. 1. |
| 906 ## - LOCAL DATA ELEMENT F, LDF (RLIN) | |
| a | 7 |
| b | cbc |
| c | copycat |
| d | 2 |
| e | opcn |
| f | 19 |
| g | y-gencatlg |
| 942 ## - ADDED ENTRY ELEMENTS (KOHA) | |
| Source of classification or shelving scheme | Library of Congress Classification |
| Koha item type | Books |
| Withdrawn status | Lost status | Source of classification or shelving scheme | Damaged status | Not for loan | Home library | Current library | Date acquired | Total checkouts | Full call number | Barcode | Date last seen | Price effective from | Koha item type |
|---|---|---|---|---|---|---|---|---|---|---|---|---|---|
| Library of Congress Classification | Murang'a University of Technology Library | Murang'a University of Technology Library | 27/03/2017 | LB5 .N25 1997 | 007821 | 30/08/2024 | 27/03/2017 | Books |